[Event "email PCM-2006-G7 MAPEJK"]
[Site "?"]
[Date "2006.??.??"]
[Round "?"]
[White "Herzog, Klaus GER"]
[Black "Sternik, Ryszard POL"]
[Result "1/2-1/2"]
[WhiteElo "1974"]
[BlackElo "1938"]
[PlyCount "54"]

1. e4 e5 2. Nf3 Nc6 3. Nc3 Nf6 4. d4 exd4 5. Nd5 {wariant belgradzki,
zastosowany po raz pierwszy w partii Trakovic-Radoicic, Belgrad 1945 i
powtorzony w tym samym turnieju w partiach: Karaklajic-Janic i
Radoicic-Gligoric, we wszystkich partiach z lepsza gra bialych} (5. Nxd4 Nxd4
$2 6. Qxd4 d6 7. Bc4 Be7 8. O-O O-O 9. Kh1 $6 $146 a6 10. f4 b5 11. Bd3 Bb7 12.
Nd5 $6 Nxd5 $6 (12... c5 $1 13. Nxf6+ Bxf6 14. Qe3 c4 15. Be2 Re8 16. Bf3 Qc7
17. Re1 Re7 $17) 13. exd5 f5 14. c4 Bf6 15. Qe3 Qd7 16. Qh3 g6 17. Rb1 c6 18.
b3 $2 (18. dxc6 Qxc6 19. b3 Rfe8 20. Bd2 bxc4 21. Bxc4+ d5 22. Bd3 Rac8 23.
Rbc1 Qd6 $11 {Rebel Century}) 18... cxd5 19. cxd5 Bxd5 $17 {
Plater,K-Sternik,R, Warszawa symultana 1959 (0:1-39)}) 5... Nxe4 6. Qe2 (6. Bc4
Bc5 7. Bd3 f5 8. O-O O-O 9. Bc4 Kh8 10. Bf4 d6 11. c3 Be6 12. Nxd4 Bxd4 13.
cxd4 Na5 14. b3 Nxc4 15. bxc4 Bxd5 16. cxd5 Nc3 17. Qf3 Na4 (17... Nb5 $5) 18.
Rfe1 a6 19. Qh5 Nb6 20. Bg5 Qc8 21. Re3 g6 $6 (21... Nxd5 22. Re2 Nf6) 22. Qf3
Rf7 23. Rae1 Qd7 24. h4 Qb5 {Bortnik,E-Krzewicki,J, corr 1995 (1:0-44)}) 6...
f5 7. Ng5 d3 8. cxd3 Nd4 9. Qh5+ g6 10. Qh4 c6 (10... Nc2+ 11. Kd1 Nxa1 12.
dxe4 c6 13. Bc4 {i biale stoja lepiej - tak pisano w latach 1950-tych. Teraz
Fritz 8 pokazuje -/+ 0.97}) 11. dxe4 cxd5 12. exd5 Bg7 (12... Qa5+ {wariant bel
gradzki byl dosyc modny w latach 50-tych i dlatego stanowil przedmiot rozwazan
teoretycznych} 13. Kd1 {posuniecie to musialo byc duzym zaskoczeniem dla
zawodnika niemieckiego. Znane bylo jednak na gruncie polskim, gdyz zastosowano
je w partii Lubienski-Szczepaniec, Lodz 1955 (:Szachy" 1955, nr.8). Galuszka,M
uwazal posuniecie 12....Ha5 za blad, ze wzgledu na 13.Gd2, tymczasem
Szpotanski posunal analize o jeden ruch naprzod i wykazal, ze teraz 13....Ha4
prowadzi do skompromitowania pozycji bialych} Qxd5 14. Bc4 $1 Qxc4 15. Re1+ Be7
16. Rxe7+ $1 Kxe7 17. Ne4+ Kf8 $2 (17... Ke8 18. Nd6+) (17... Kf7 18. Nd6+) (
17... Ke6 $1 {i po licznych szachach, czarne zdolaly partie zremisowac} 18.
Qf6+ Kd5 19. Nc3+ Kc5 20. b4+ Kxb4 21. Rb1+ Ka5 22. Qxh8 $2 b6 23. Be3 Qd3+ 24.
Bd2 Bb7 25. Qe5+ Ka6 26. Rb4 Nc6 $2 (26... Bf3+ $1) 27. Ra4+ Na5 {
Lubienski-Szczepaniec, Lodz 1955 (remis-40)}) 18. Bh6+ (18. Bh6+ Kg8 19. Qd8+
Kf7 20. Ng5# {1:0 - Pluciennik,B-Nerem, Wroclaw 1960})) 13. Kd1 h6 14. Nf3 Nxf3
(14... Qxh4 15. Nxh4 Kf7 16. Be3 f4 17. Bxd4 Bxd4 18. Bd3 d6 19. Nxg6 Rg8 20.
Nxf4 Bxb2 21. Rb1 Be5 22. Rb4 b6 23. Ke2 Bd7 24. Rc1 Rac8 {
Polowodn,I-Hazai,L, Naleczow 1978 (1:0-42)}) 15. Qxd8+ Kxd8 16. gxf3 d6 (16...
Bd4 17. h4 Bxf2 18. Bf4 b6 19. Rh2 Bd4 20. Rg2 Bb7 21. Bc4 Rc8 22. Rc1 Ke7 23.
Rxg6 Bxb2 24. Rc2 Rxc4 25. Rxc4 Bxd5 26. Ra4 Bxf3+ 27. Kd2 Rc8 28. Bxh6 Rc7 29.
Bf4 Bc1+ 30. Ke1 Bxf4 31. Rxf4 Be4 32. h5 Rc1+ 33. Kd2 Rh1 34. h6 {
remis - Ruefenacht,M-Jardorf,S, corr mem Korning 1998}) 17. Rg1 g5 18. h4 Bd7
19. Rb1 (19. hxg5 Ba4+ 20. Ke1 Re8+ 21. Be2 Bb5 22. Be3 Bxe2 23. Kxe2 f4 24.
gxh6 Bxh6 25. Rg6 Bf8 26. Rag1 $15) 19... g4 20. Be3 Bf6 21. fxg4 fxg4 22. h5
Bf5 (22... Be8 23. Rh1 Bf7 24. Bg2 b6 25. Kd2 $11) 23. Rc1 Re8 24. b3 Re5 25.
Bg2 Bd7 26. Bxh6 Rxh5 27. Be3 b6 {Niedokonczony turniej:  1.Sternik,R         
4    z 6 (+3  =2  -1)  2.Louro,E              3,5 z 5   2194  3.Baer,W  GER   
2,5 z 3   2110  4.Herzog,K GER   2    z 3   1974} 1/2-1/2

[Event "email TSC15-18 (Sternik,R)"]
[Site "?"]
[Date "2006.??.??"]
[Round "?"]
[White "Herzog, Klaus GER"]
[Black "Sternik, Ryszard POL"]
[Result "0-1"]
[WhiteElo "2075"]
[BlackElo "1892"]
[PlyCount "48"]

1. e4 e5 2. Nf3 Nc6 3. d4 exd4 4. c3 dxc3 5. Bc4 d6 (5... cxb2 6. Bxb2 d6 7.
O-O Be6 8. Bxe6 fxe6 9. Qb3 Qd7 10. Ng5 Nd8 11. f4 Nf6 12. Nd2 Be7 13. Rad1 h6
14. e5 hxg5 15. exf6 Bxf6 16. fxg5 Bxb2 17. Qxb2 e5 18. Qc2 Qe7 19. Qg6+ Kd7
20. Ne4 Rc8 21. Rf3 Rf8 {Dolgow,I-Waldhauser,G, corr GT-212 1990 (1:0-36)}) 6.
Qb3 (6. Nxc3 Nf6 7. Qb3 Qd7 8. Ng5 Ne5 9. Bb5 c6 10. f4 Neg4 11. h3 cxb5 12.
hxg4 h6 13. Be3 b4 $1 14. Qxb4 Be7 15. Nf3 $2 (15. O-O-O O-O 16. Bd4 Re8 $13 {
z niejasna gra - Fuderer}) (15. Qb3 {Maric} O-O 16. Nxf7 Rxf7 17. g5 Qe6 18.
Qxe6 Bxe6 19. g3 $14) 15... Nxg4 16. Bd4 d5 $1 17. Bc5 Ne3 $1 18. Bxe7 Nc2+ 19.
Kf2 Nxb4 20. Bxb4 a5 $1 21. Ba3 b5 22. Bc5 Qc7 23. b4 axb4 24. Bxb4 Bb7 {
Bronstein,D-Fuderer, Kijow USR-YUG 1959 (0;1-39)}) 6... Qd7 (6... Qe7 7. Nxc3
h6 8. O-O Nf6 9. Re1 Ne5 10. Nxe5 dxe5 11. Be3 c6 12. Red1 Bg4 13. f3 Bh5 14.
Nb5 Rd8 15. Nxa7 Rxd1+ 16. Rxd1 Qb4 17. Qd3 Qe7 18. Nb5 Qd7 19. Qc2 Qc8 20. Bb6
Be7 21. g4 Bg6 {Kover,WB-Marques Naronha,LA, corr 12 ch Brasil 1996 (1:0-40)})
7. Qxc3 $2 (7. Qd1 Ne5 8. Bb3 Qg4 9. O-O Nxf3+ 10. Qxf3 Qxf3 11. gxf3 cxb2 12.
Bxb2 Be6 13. Ba4+ c6 14. Nd2 O-O-O 15. Bd4 Kc7 16. Rfc1 Nf6 17. Rab1 c5 18. e5
Kb8 19. Bc6 b6 20. exf6 cxd4 21. a4 Bd7 22. Nb3 Bxc6 23. Rxc6 Rc8 {
Magdorf,P-Steiner,P, Landes Einzelmeister 1994 (0:1-44)}) (7. Nxc3 Na5 8. Qb5
Nxc4 9. Qxc4 Be7 10. O-O Qc6 11. Qd4 f6 12. Be3 Bd8 13. Nd5 Ne7 14. Rac1 Qd7
15. Rfe1 c5 16. Qd3 Nxd5 17. exd5 O-O 18. h3 b6 19. Bf4 Bc7 20. Nh2 Bb7 21. Ng4
Rae8 {Dodson,PB-Paul, corr CAPA 1991 (0:1-32)}) 7... d5 (7... h6 8. O-O Nf6 9.
Re1 Ne5 10. Nxe5 dxe5 11. Qxe5+ Be7 12. Qg3 Kf8 13. e5 Ne4 14. Qf3 Ng5 15. Bxg5
Bxg5 16. e6 Qe7 17. Nc3 f6 18. Nd5 Qc5 19. e7+ Kf7 20. Qh5+ g6 21. Nf4+ {
1:0 - Prada Rubin,E-Grassia,A, corr ESP-ITA 1974}) 8. exd5 $2 (8. Ne5 Bb4 9.
Nxd7 dxc4 10. Nc5 b6 11. Na4 Bxc3+ 12. Naxc3 {czarne tez maja przewage}) 8...
Bb4 9. dxc6 Bxc3+ 10. Nxc3 Qe7+ (10... bxc6 11. O-O Ne7 12. Bxf7+ Kf8 13. Bb3
Bb7 14. Be3 Nf5 15. Bc5+ Nd6 16. Nd4 Re8 17. Rfe1 h5 18. Ne6+ Rxe6 19. Bxe6 Qd8
20. Re5 Rh6 21. Rae1 Bc8 22. Bb3 Bd7 23. Be3 Nf5 24. Bxh6 gxh6 25. Ne4 Kg7 26.
Nc5 Kf6 27. Nxd7+ Qxd7 28. Be6 {1:0 - Marshall,F-Halper,N, New York 1941}) ({
lepsze} 10... Qd6 11. O-O bxc6 12. Ng5 Nh6 $17 {z przewaga bialych}) 11. Be3
Nf6 12. O-O O-O 13. Nd5 (13. a3 bxc6 14. b4 Ne4 15. Rac1 Nd6 16. Bg5 Qd7 $19)
13... Nxd5 14. Bxd5 b6 {i czarne spokojnie doprowadzily partie do wygranej.}
15. Rfe1 Be6 16. Be4 f5 17. Bd3 Qd6 18. Rad1 Qxc6 19. Nd4 Qd7 20. Bb5 Qf7 21.
Nxe6 Qxe6 22. Bd7 Qg6 23. Bf4 c5 24. Rd6 Qg4 {Tu uzbieralem 6,5 pkt - 5+ =3 -2
1800 Elo  Sammut 2346  Malta   8 z 9  Camino Joaquin 1923  7,5 z 9  Pech,J
2090                 7 z 7   Krupikow  2103             7 z 10} 0-1

[Event "email CL-15.001 MAPEJK (Sternik,R)"]
[Site "?"]
[Date "2009.??.??"]
[Round "?"]
[White "Hlavica, Bretislav CZE"]
[Black "Sternik, Ryszard POL"]
[Result "0-1"]
[WhiteElo "1836"]
[BlackElo "1838"]
[PlyCount "56"]
[EventDate "1991.??.??"]

1. d4 f5 2. g3 Nf6 3. Bg2 g6 4. Nf3 Bg7 5. O-O O-O 6. c3 e6 7. Bg5 (7. Nbd2 Nc6
8. Qc2 d5 9. b3 Ne4 10. Ba3 Rf7 11. Rad1 a5 12. Bc1 Qe7 13. a4 Bd7 14. Bb2 Raf8
15. Qc1 Re8 16. c4 Bh6 17. e3 Bg7 18. Ne1 Bc8 19. Nd3 Nb4 20. Nxb4 Qxb4 21. f3
Nxd2 22. Rxd2 e5 {Jermolinski,A-Gurewicz,D, USA Ch Modesto 1995 (remis-46)})
7... h6 8. Bxf6 Qxf6 9. Ne5 (9. Nbd2 d6 10. Ne1 Nc6 11. d5 exd5 12. Bxd5+ Be6
13. Bxe6+ Qxe6 14. Nd3 Rae8 15. e3 Kh7 16. Qb3 Qxb3 17. axb3 a6 18. h4 Be5 19.
Kg2 g5 20. hxg5 hxg5 21. Nc4 Bf6 22. Nd2 Kg6 23. Ra4 Rh8 {
Namgilow,S-Hoang,T, Budapest Nyar 6 op 1998 (0:1-46)}) 9... d6 10. Nd3 c6 11.
Nd2 e5 12. dxe5 dxe5 13. Qb3+ (13. e4 {prowadzilo do wyrownania} Be6 14. Nc5
Nd7 15. Nxb7 f4 16. Qa4 Bg4 17. Bf3 Bh3 $11) 13... Kh7 14. Rad1 Qe7 15. Qc2 $6
(15. e4 Be6 16. c4 a5 17. Qb6 a4 18. exf5 gxf5 $11) 15... Be6 16. b3 $2 (16. e4
{zawsze trzeba "uderzac" w centrum} f4 17. Nf3 Nd7 18. gxf4 exf4 $15 {
i czarne maja mala przewage - 0.35}) 16... e4 {
i zaczynaja sie klopoty dla bialych} 17. Nf4 Bf7 18. Nxe4 {
chyba partner chce skomplikowac gre} (18. e3 Na6 19. f3 exf3 20. Rxf3 Rad8 $17
{dawalo wyrazna przewage}) 18... g5 19. Nxg5+ Qxg5 20. Bh3 Kh8 21. Bxf5 Be5 22.
Ng6+ Bxg6 23. Bxg6 Qf6 ({jesli} 23... Kg7 $2 24. Bd3 a5 25. Kh1 Qf6 26. Rc1 Bc7
{i tylko =}) 24. h4 ({lepsze} 24. c4 Kg7 25. Qe4 Bc3 26. Bh5 a5 $15) 24... Bxc3
25. h5 a5 26. Rd3 Bb4 27. Qc1 Qg7 28. Qb2 $4 (28. e4 Na6 29. Rfd1 Be7 30. Rd4
Nc5 $17 {i mozna bylo jeszcze bronic sie}) 28... Qxb2 {Ale pech mojego
partnera - mial szanse na wygranie grupy.  Do zakonczenia turnieju 15
osobowego zostalo 12 partii - ja mam 11 z 13,   Pech (2028) 1 pkt straty i 3
partie zalegle  Hlavica 2 pkt straty i zalegla ze slabym Belgiem  Pensimus 1,5
straty i 3 zalegle, w tym z Pech  ja 2 straty i zalegla z Pech - rowna. 
Sternik,R} 0-1

[Event "email TT D32 MAPEJK (Sternik,R)"]
[Site "?"]
[Date "2005.??.??"]
[Round "?"]
[White "Kasperczyk, Krzysztof POL"]
[Black "Sternik, Ryszard POL"]
[Result "1/2-1/2"]
[WhiteElo "1832"]
[BlackElo "1800"]
[PlyCount "70"]

1. d4 d5 2. c4 e6 3. Nc3 c5 4. cxd5 cxd4 5. Qa4+ Bd7 (5... Nd7 6. Nb5 Bc5 7.
Nf3 Nb6 8. Qc2 Bb4+ 9. Bd2 Bxd2+ 10. Nxd2 Nxd5 11. Qa4 Kf8 12. Qxd4 a6 13. Qc5+
Nge7 14. Nd6 Kg8 15. e4 b6 16. Qa3 Nc7 17. N2c4 Nc6 18. Rd1 Bd7 19. Nxb6 Rb8
20. Nxf7 Qh4 21. Rxd7 Qxe4+ {
Sternik,R-Lecours,E, USA 1667, email TT09.D32.003 MAPEJK 2005 (1:0-40)}) 6.
Qxd4 exd5 7. Qxd5 Nc6 8. Nf3 (8. Bg5 Nf6 9. Qd2 Qa5 (9... h6 10. Bh4 g5 11. Bg3
Qa5 12. e3 O-O-O 13. Rc1 Bb4 14. a3 Bxc3 15. Rxc3 Bf5 16. Rxc6+ {
1:0 - Sternik,R-Manaszew,E, KAZ 1573 2005}) 10. Nf3 O-O-O 11. Qc1 Be7 12. a3
Bg4 13. b4 Qf5 14. Nh4 Qd7 15. h3 Be6 16. Nb5 a6 17. Na7+ Kb8 18. Nxc6+ Qxc6
19. Qxc6 bxc6 20. Nf3 Kb7 21. e3 h6 22. Bf4 Bd6 23. Bxd6 Rxd6 24. Be2 Bd5 25.
O-O g5 26. Nd4 h5 27. Rac1 Rhd8 28. Rc5 g4 29. hxg4 hxg4 30. Nf5 R6d7 31. Rfc1
Rg8 32. Ra5 Ra8 33. f3 gxf3 34. gxf3 Ne8 {
remis - Tkac,L CZE 2116-Sternik,R, email TT09 D32.003 2005}) 8... Nf6 9. Qd1
Bc5 10. e3 (10. a3 Qe7 $6 (10... Qb6 11. e3 Be7 12. Qc2 Bg4 13. h3 Bxf3 14.
gxf3 $14) (10... O-O 11. Bg5 Be7 12. e3 Rc8 13. Qd3 Bg4 14. Rd1 Qa5 15. Qb5
Bxa3 16. Bxf6 Bxf3 17. gxf3 gxf6 18. Qxa5 Nxa5 19. Nd5 Bxb2 20. Ne7+ Kh8 21.
Nxc8 Rxc8 22. Bh3 Rc1 23. Rxc1 Bxc1 24. Ke2 Ba3 25. Ra1 Bb4 26. Bd7 Kg7 27. f4
Kf8 28. Ra4 Bc3 29. Kd3 Be1 30. Ra1 Bb4 31. Bf5 h5 32. Be4 b6 33. h4 Kg7 34.
Rg1+ Kf8 35. Bf3 Be7 36. Bxh5 f5 37. Rh1 Nb7 38. Bf3 Nc5+ 39. Kd4 Bf6+ 40. Kc4
a6 41. h5 Ke7 42. h6 Bh8 43. Rg1 Kf8 44. Bc6 Ne6 45. f3 Bf6 {
1:0 - Sternik,R-Hurd,D, RPA 1950, email TT09 D32-003 2005}) 11. b4 Bb6 12. Bg5
Be6 13. e3 Rd8 (13... h6 $5 14. Bh4 O-O 15. Qc2 Bc7 $14) 14. Bd3 $6 (14. Qc2 $5
$16) 14... h6 15. Bxf6 Qxf6 16. Ne4 Qe7 17. Qc2 O-O 18. O-O Bd5 19. Ned2 Rc8
20. Qb2 Rfe8 21. Bf5 (21. b5 $5) 21... Rcd8 22. Rfd1 Qd6 (22... Ne5 23. Nxe5
Qxe5 24. Qxe5 Rxe5 25. e4 g6 26. Nf3 gxf5 27. Nxe5 fxe4 28. Ng4 Kg7 $16) 23.
Qc2 Qf6 (23... g6 $5) 24. Bh7+ Kh8 25. Be4 Bxe4 26. Nxe4 Qg6 27. Rxd8 Bxd8 28.
Nfd2 $16 f5 29. Nc5 b6 30. Ncb3 Ne5 31. Rd1 Bg5 32. Nd4 f4 33. Qxg6 Nxg6 34. e4
Bf6 35. Nc6 a6 36. a4 Bc3 37. Nf1 $4 (37. Nb1 Rxe4 38. Nxc3 Rc4 $14) 37... Rxe4
38. Rd6 Kh7 {remis - Hlavacek,L CZE 2007-Sternik,R, email TT09 D32.003 2005})
10... Qe7 (10... Be6 11. Bd3 O-O 12. O-O a6 13. Qe2 Bd6 14. Rd1 Qc7 15. Ne4
Nxe4 16. Bxe4 h6 17. b3 Rfe8 18. Bxc6 Qxc6 19. Bb2 Rad8 20. Rd4 b5 21. Rc1 Qb7
22. Qd3 Qb6 23. Rd1 Be7 24. Rxd8 Rxd8 25. Bd4 Qc7 26. h3 Bd5 27. Ne1 Qd6 28.
Qc2 Qe6 29. Qc7 Rd7 30. Qb8+ Rd8 31. Qg3 Bf6 32. Bxf6 Qxf6 33. Nd3 {
remis - Sternik,R-Obando,D, CRO 1800, email TT09 D32-003 2005}) 11. Be2 O-O-O
12. O-O g5 13. Nd4 $16 (13. b4 Bxb4 14. Bb2 g4 15. Nd4 h5 16. Ncb5 Kb8 17. Qa4
a6 18. Nxc6+ Bxc6 19. Bxf6 Qe4 20. f3 Qxe3+ 21. Kh1 Bd2 22. Qb3 Qxe2 23. Nd4
Rxd4 24. Bxd4 Re8 25. Qxf7 h4 26. Qf5 gxf3 27. gxf3 h3 28. Qxh3 Rf8 29. Qg3+
Ka8 30. Bc5 Rxf3 31. Rxf3 Bxf3+ 32. Kg1 Be3+ {
remis - Pech,J, CZE 2090, email TT09 D32-003 2005}) 13... Kb8 14. a3 (14. Bf3
Ne5 15. Be4) 14... h5 15. Qd3 {slabe} (15. b4 Bb6 16. Nxc6+ Bxc6 17. Qb3 h4 18.
b5 Bd7 19. Bb2 $14 {0.66}) 15... h4 16. b4 Bb6 17. Rd1 $11 (17. Ncb5 Ne5 18.
Qb3 g4 19. a4 g3 20. a5 Bxd4 21. Nxd4 gxh2+ 22. Kh1 h3 23. g3 $11) 17... g4 18.
Nf5 Bxf5 19. Qxf5 g3 20. Ra2 (20. Rxd8+ Rxd8 21. Ra2 gxf2+ 22. Qxf2 Nd4 23.
Qf4+ Ka8 24. Rb2 Nxe2+ 25. Rxe2 h3 $11) 20... gxf2+ 21. Qxf2 Rxd1+ 22. Nxd1 Ne4
23. Qf5 h3 {slabe} (23... Nc3 24. Nxc3 Bxe3+ 25. Bxe3 Qxe3+ 26. Kh1 Qxc3 $11)
24. Bf3 {rewanz - slabe} (24. Bb2 Nd6 25. Qf4 Rh4 26. g4 Bc7 27. Nf2 Qe6 28.
Ra1 $14) 24... Nd6 25. Qf4 Ne5 26. Rd2 $6 (26. Bb2 Nxf3+ 27. Qxf3 Re8 28. Qxh3
Nc4 29. Qg3+ Ka8 $11) 26... hxg2 27. Bxg2 $6 (27. Bb2 Qh4 28. Bxe5 Qe1+ 29.
Kxg2 Qxd2+ 30. Nf2 Rd8 $11) 27... Rh4 28. Qg3 Rg4 29. Qh3 f5 30. Bb2 $2 (30.
Nc3 Rh4 31. Qg3 Rc4 32. Rc2 Qe8 33. Kh1 Bc7 $15) 30... Nec4 $17 31. Re2 Rg8 {
slabe} (31... Qe6 32. Qf3 Re4 33. Bc1 Rh4 34. Nb2 Nxa3 35. Na4 Nac4 $15) 32.
Qf3 Qh7 33. Bd4 Ne4 34. Bxb6 Nxb6 35. Nf2 Nd5 {Wyniki:  1-2.Pech, CZE      6  
z 8 2090  Hlavacek,L CZE     6        2007  3-5.Sternik,R         5,5         
(+3  =5)  Kasperczyk,K POL 5,5     1832  (+5  =1)    Tkac,L CZE            5,5
2116  (+5  =1)} 1/2-1/2

[Event "email PCM-2006-G7 MAPEJK"]
[Site "?"]
[Date "2006.??.??"]
[Round "?"]
[White "Louro, Eugenio Diogo ITA"]
[Black "Sternik, Ryszard POL"]
[Result "1/2-1/2"]
[WhiteElo "2194"]
[BlackElo "1938"]
[PlyCount "54"]
[EventDate "2007.02.02"]

1. e4 e5 2. Nf3 Nc6 3. Bc4 Bc5 4. c3 Qf6 (4... Qe7 5. O-O d6 6. d4 Bb6 7. Re1
Nf6 8. Bd5 Bd7 9. Na3 Nd8 10. Nc4 c6 11. Nxb6 axb6 12. Bb3 h6 13. Nh4 Ng4 14.
g3 g6 15. f4 Kf8 16. f5 g5 17. Qxg4 gxh4 18. gxh4 Qf6 19. Kh1 c5 20. d5 b5 21.
Rg1 b6 22. Be3 Nb7 23. Bc2 Ke8 24. a3 Kd8 25. Qg7 Qxg7 26. Rxg7 Ke7 {
Stojanovic,N-Dimovska,A, Serbia ch w Leskovac 2002 (1:0-59)}) 5. O-O d6 6. d3 (
6. d4 exd4 7. Bg5 Qg6 8. cxd4 Nxd4 9. Nxd4 Qxg5 10. Nb5 Bb6 11. Qb3 Qf6 12.
N1c3 Ne7 13. e5 dxe5 14. Ne4 Qf4 15. Bxf7+ Kf8 16. Rad1 Bg4 17. Nxc7 Bxd1 18.
Ne6+ Kxf7 19. Rxd1 Qg4 20. Nf4+ Ke8 21. Nd6+ {
remis - Fiedotow,A-Graham,M,  corr IECG 1998}) 6... Bg4 7. Nbd2 (7. Be3 Bxf3 8.
Qxf3 Qxf3 9. gxf3 Nge7 10. b4 Bb6 11. a4 Bxe3 12. fxe3 a5 13. b5 Nb8 14. f4 Nd7
15. Nd2 O-O 16. d4 Nb6 17. fxe5 dxe5 18. Bb3 h6 19. Rf2 Ng6 20. Raf1 Nh8 21.
Nf3 Nd7 22. Bd5 Rab8 23. Nxe5 Nxe5 24. dxe5 g6 25. Rf6 Kg7 26. e6 fxe6 27. Rxe6
Rxf1+ 28. Kxf1 Kf8 29. e5 b6 30. Rc6 Rc8 31. c4 Ke7 32. Ke2 h5 33. h4 {
1:0 - Ermenkow,E-Dobrovolsky,L, Primorsko op 1987}) 7... Bb6 8. b4 (8. a4 Nge7
9. h3 h5 10. Re1 Ng6 11. Nf1 Nf4 12. Bxf4 Qxf4 13. Qd2 Qxd2 14. N1xd2 Bd7 15.
Nf1 f6 16. Ne3 Bxe3 17. Rxe3 g5 18. Nd2 h4 19. f3 Ke7 {
remis - Giulian,P-Gelemerov,Y, corr mem Bohatyrczuk 1992}) 8... Nge7 9. a4 a5
10. b5 Nd8 11. h3 Be6 12. Bxe6 Nxe6 13. Nc4 O-O (13... Bc5 {
chronic Gonca przed wymiana nie oplaca sie} 14. Be3 O-O 15. d4 exd4 16. cxd4
Ba7 17. Nxa5 Bxd4 18. Bxd4 Nxd4 19. Qxd4 Qxd4 20. Nxd4 Rxa5 21. Rfc1 Rc8 $16)
14. d4 exd4 15. Nxb6 cxb6 16. cxd4 d5 17. e5 Qg6 18. Ba3 Rfe8 19. Qd2 ({lepsze
} 19. Nh4 Qg5 20. g3 f5 21. Qd3 f4 22. Rac1 Rad8 23. Kg2 Kh8 24. Kh2 $14) 19...
Nf5 $11 20. Rac1 Rac8 21. Kh2 Rxc1 22. Rxc1 Qh5 23. Bb2 Nh4 24. Nxh4 Qxh4 25.
Rc2 Qe4 26. Qc1 h6 27. f3 Qd3 {remis na propozycje Wlocha  Turniej nie
dokonczony:  1.Sternik,R 4 z 6  (+3   =2   -1)  2 Louro,E   3,5 z 5  3.Baer,W 
2,5 z 3   2110  4.Herzog,K 2 z 3      1974} 1/2-1/2

[Event "email 15-001 op (Sternik,R)"]
[Site "?"]
[Date "2006.??.??"]
[Round "?"]
[White "Martins, Karin GER"]
[Black "Sternik, Ryszard POL"]
[Result "0-1"]
[WhiteElo "1788"]
[BlackElo "1800"]
[PlyCount "120"]

1. e4 e5 2. Nf3 Nc6 3. Bb5 a6 4. Ba4 Nf6 5. O-O Nxe4 6. d4 b5 7. Bb3 d5 8. dxe5
Be6 9. Nbd2 Nc5 10. c3 d4 11. Bxe6 Nxe6 12. cxd4 Ncxd4 13. Ne4 {w 1981 r. pisan
o tak: "Dziwne i ciekawe, ze ten prosty ruch uszedl uwadze teoretykow -
nowinka Karpowa!"} (13. Nxd4 $6 Qxd4 14. Qe2 (14. Qf3 Rd8 15. a4 Qd5 (15... Bb4
{to pokaal pozniej Nienarokow} 16. axb5 axb5 17. Qc6+ Qd7 18. Qxd7+ Rxd7 $11 {
z rownowaga w koncowce}) 16. Qxd5 Rxd5 17. axb5 axb5 18. Ra8+ Nd8 19. Ne4 $11 {
Capablanca,J-Lasker,Em, St. Petersburg 1914 (remis-100). Geller podaje +/-})
14... Rd8 15. a4 Qd5 $1 16. axb5 axb5 17. Qe4 Bc5 18. Qxd5 Rxd5 19. Ne4 Bd4 20.
Nc3 Bxc3 21. Ra8+ Rd8 22. Rxd8+ Kxd8 23. bxc3 Ke7 {
Adams,M-Anand,V, Linares m-2 1994 (0:1-45)}) 13... Be7 {jako ciekawostka -
Korcznoj nad tym posunieciem myslal 1 godzine i 18 minut! w partii z Karpowem,
Merano 1981} 14. Be3 (14. a4 Qd5 15. Nxd4 Qxd4 16. Qxd4 Nxd4 17. axb5 Nxb5 18.
Be3 f5 19. exf6 Bxf6 20. Nxf6+ gxf6 21. Ra4 Kf7 22. Rfa1 Rhd8 23. Kf1 Rd6 24.
Rh4 Kg6 25. Raa4 h5 {Rosin,D-Iszkow,O, Woronez 8 op 2004 (1:0-42)}) 14... Nf5 {
wzmocnienie, ale z tym nie zgadza sie Fritz 8.} (14... Nxf3+ $6 {
idac na uproszczenia, czarne uzyskuja zla partie - Hecht,H-J} 15. Qxf3 O-O 16.
Rfd1 Qe8 17. Nf6+ $1 Bxf6 (17... gxf6 $2 {
przyjac ofiare figury czarne nie moga, bo popadaja w matowy atak} 18. exf6 Bd6
19. Rd4 Kh8 20. Rh4 Rg8 21. Rxh7+ Kxh7 22. Qh5#) 18. exf6 Qc8 19. fxg7 Rd8 20.
h4 $1 {pion maszeruje na h6!} c5 21. Rac1 Qc7 {
Karpow-Korcznoj, Merano ch Welt-m14 1981 (1:0-46)}) 15. Qc2 O-O 16. Rad1 Nxe3
17. fxe3 Qc8 18. h3 (18. Rd3 $5 c5 19. Nd6 Qc7 $146 20. Rfd1 Rfd8 21. Rd5 Bf8
22. b3 $11 Ra7 23. Qf2 $6 Qc6 24. e4 Rad7 25. h3 $2 f6 $5 26. Qg3 c4 $1 {
Short,N-Bielawski,A, Barcelona WC 1989 (remis-44)}) 18... Rd8 19. Nh2 Rxd1 20.
Qxd1 Qe8 (20... Nc5 21. Qf3 Qe8 22. Ng3 Rd8 23. Ng4 Ne6 24. Nf5 Kh8 25. Nxe7
Qxe7 26. Qxf7 Qxf7 27. Rxf7 h5 28. Nf2 Rd5 29. Rf5 g6 $2 (29... Rd2) 30. e4 $1
Rc5 {Geller,E-Tal,M, Soczi 1986 1:0-57)}) 21. Ng3 Rd8 (21... a5 22. Ng4 Bf8 23.
Nf5 Qc6 24. h4 Rd8 25. Nfh6+ gxh6 26. Nf6+ Kg7 27. Qg4+ Ng5 28. hxg5 Bc5 29.
gxh6+ Kf8 30. Nxh7+ Ke7 31. Qg5+ {
1:0 - Brustman,A-Wiese-Jozwiak,M, Polska ch tt Jachranka 1987}) 22. Qe2 $15 (
22. Qc2 c5 23. Ng4 c4 24. Nf5 Rc8 25. Qf2 b4 26. Qg3 Kh8 27. Nd6 Bxd6 28. exd6
f6 29. e4 c3 30. bxc3 Rxc3 31. Qd3 {remis - Just,S-Treiber,B, corr ch 25
Germany 1998  az do tego miejsca jest teoria!}) 22... Rd5 (22... Nc5 23. Nf5
Bf8 24. Qh5 Rd7 25. Nf3 g6 26. Nh6+ Kh8 27. Qg5 Qe7 $11) 23. Ng4 Qd7 24. Nf5
Kf8 25. b3 $6 (25. Nd4 Nxd4 26. exd4 Rxd4 27. e6 Qd6 28. Rxf7+ Kg8 29. b3 Rd1+
30. Rf1 Rxf1+ 31. Kxf1 $11) 25... Rd2 26. Qf3 Qd5 27. e4 Qd7 28. Kh1 Ng5 (28...
Rxa2 29. Nxg7 Ng5 30. Qf4 Kxg7 31. h4 h6 $11) 29. Qf4 Rxa2 ({lepsze} 29... Rd1
30. Nxe7 Rxf1+ 31. Qxf1 Kxe7 $15) 30. Nxg7 Kxg7 31. h4 h6 32. Nf6 Qd2 33. Qxd2
Rxd2 34. hxg5 hxg5 35. Nd5 $6 (35. Ne8+ Kf8 36. Nxc7 Re2 37. e6 f6 38. Ra1 Bd6
39. Nd5 g4 $15 {0.63}) 35... Bd8 36. Nb4 c5 37. Nxa6 c4 38. e6 $6 (38. bxc4
bxc4 39. Rc1 Rd4 40. g3 Rxe4 41. Kg2 Bb6 $17) 38... fxe6 39. Nc5 $6 {
moja partnerka troche pogubila} (39. bxc4 bxc4 40. Rc1 Rd4 $19 {
ale i tak wygraja czarne}) 39... c3 40. Nxe6+ $2 {reszta nie wymaga komentarzy}
Kg6 41. Rc1 Bf6 42. Nc7 c2 43. Rxc2 Rxc2 44. Nxb5 Rc1+ 45. Kh2 Be5+ 46. g3 Rb1
47. Na3 Rxb3 48. Nc4 Bxg3+ 49. Kh1 Bf4 50. Kg2 g4 51. e5 Rb4 52. Na3 Rb2+ 53.
Kf1 g3 54. Nc4 g2+ 55. Kg1 Re2 56. e6 Kf6 57. e7 Kxe7 58. Ne5 Be3+ 59. Kh2
g1=Q+ 60. Kh3 Rh2# {
Karin miala 9 pkt.  i jedna zalegla.  Ja 9,5 z 14 - +7  =5  -2.} 0-1